| 000 | 00000nam##2200000za#4500 |
| 001 | 9.615681 |
| 003 | CaOODSP |
| 005 | 20210615101235 |
| 007 | ta |
| 008 | 150406|2001||||xxc||||| f|0| 0 eng|d |
| 020 | |a0-662-30917-0 |
| 040 | |aCaOODSP|beng |
| 043 | |an-cn--- |
| 086 | 1 |aNH18-24/4E |
| 110 | 2 |aCanada Mortgage and Housing Corporation. |
| 245 | 10|aRadiant hydronic floor heating |
| 250 | |aRevised. |
| 260 | |aOttawa - Ontario : |bCanada Mortgage and Housing Corporation |c2001. |
| 300 | |a4p. ; |c28 cm. |
| 490 | 1 |aAbout your house |vCE4 |
| 563 | |aPamphlet |
| 590 | |a01-30|b2001-07-27 |
| 690 | 07|aHeating|2gcpds |
| 690 | 07|aEnergy efficiency|2gcpds |
| 690 | 07|aHousing|2gcpds |
| 775 | 08|tChauffage à eau chaude par rayonnement par le sol |w(CaOODSP)9.625684 |
| 776 | 0#|tRadiant hydronic floor heating |w(CaOODSP)9.571821 |
| 830 | #0|aAbout your house ;|vCE4|w(CaOODSP)9.514828 |